Marketingový koncept Market-Pack ako inovatívna a jedinečná technika marketingovej komunikácie
Vysvetlenie podstaty marketingového konceptu Market-Pack, ktorý je rozšírený v Japonsku. Market-Pack ako jedna z inovatívnych foriem marketingu - ide jedinečnú techniku marketingu papierových vreckoviek, ktorá predstavuje v Japonsku fenomén. Koncepcia Market-Pack spočíva v tom, že spoločnosti vyrába...
Enregistré dans:
| Auteur principal: | |
|---|---|
| Format: | Chapitre de livre |
| Langue: | anglais |
| Sujets: | |
| Tags: |
Pas de tags, Soyez le premier à ajouter un tag!
|
MARC
| LEADER | 00000naa a2200000 4500 | ||
|---|---|---|---|
| 001 | 0286901 | ||
| 005 | 20240417075210.9 | ||
| 041 | 0 | |a eng | |
| 044 | |a SK | ||
| 245 | 1 | 0 | |a Marketingový koncept Market-Pack ako inovatívna a jedinečná technika marketingovej komunikácie |c Miriam Olšiaková |
| 520 | |a Vysvetlenie podstaty marketingového konceptu Market-Pack, ktorý je rozšírený v Japonsku. Market-Pack ako jedna z inovatívnych foriem marketingu - ide jedinečnú techniku marketingu papierových vreckoviek, ktorá predstavuje v Japonsku fenomén. Koncepcia Market-Pack spočíva v tom, že spoločnosti vyrábajú malé balenia vreckoviek, na ktorých je už priamo zapracovaná určitá reklamná kampaň. | ||
| 610 | 2 | 0 | |a komunikácia marketingová |
| 610 | 2 | 0 | |a inovácia |
| 610 | 2 | 0 | |a konkurencieschopnosť |
| 610 | 2 | 0 | |a stratégia marketingová |
| 610 | 2 | 0 | |a reklama |
| 610 | 2 | 0 | |a zákazníci |
| 610 | 2 | 0 | |a Japonsko |
| 100 | 1 | |a Olšiaková, Miriam | |